সান্তা লুসিয়া / (Record no. 38855)
[ view plain ]
| 000 -LEADER | |
|---|---|
| fixed length control field | 01004nam a2200241 a 4500 |
| 001 - CONTROL NUMBER | |
| control field | 38855 |
| 003 - CONTROL NUMBER IDENTIFIER | |
| rucl marc code | BD-RjUL |
| 005 - DATE AND TIME OF LATEST TRANSACTION | |
| control field | 20211209052854.0 |
| 008 - FIXED-LENGTH DATA ELEMENTS--GENERAL INFORMATION | |
| fixed length control field | 160316s1955 ii ||||e |||| 001 0 ben d |
| 020 ## - INTERNATIONAL STANDARD BOOK NUMBER | |
| Terms of availability | : IRs. 3.00 |
| 035 ## - SYSTEM CONTROL NUMBER | |
| System control number | (BD-RjUL) 38965 |
| 040 ## - CATALOGING SOURCE | |
| Original cataloging agency | BD-RjUL |
| Language of cataloging | ben |
| Transcribing agency | BD-RjUL |
| 041 ## - LANGUAGE CODE | |
| Language code of text/sound track or separate title | ben |
| 082 ## - DEWEY DECIMAL CLASSIFICATION NUMBER | |
| Edition number | 23 |
| Classification number | 823.914 |
| Author mark and year | OYS 1955 |
| 100 ## - MAIN ENTRY--PERSONAL NAME | |
| Personal name | ওয়ার্দি, জন গলস |
| 9 (RLIN) | 124048 |
| 245 10 - TITLE STATEMENT | |
| Title | সান্তা লুসিয়া / |
| Statement of responsibility, etc. | জন গলস ওয়ার্দি ; অনুবাদক : নির্মলচন্দ্র গঙ্গোপাধ্যায় |
| 260 ## - PUBLICATION, DISTRIBUTION, ETC. (IMPRINT) | |
| Place of publication, distribution, etc. | কলিকাতা : |
| Name of publisher, distributor, etc. | নব ভারতী, |
| Date of publication, distribution, etc. | ১৯৫৫ |
| 300 ## - PHYSICAL DESCRIPTION | |
| Pagination | ১৯৪ পৃ. ; |
| Size | ১৮ সেমি. |
| 650 ## - SUBJECT ADDED ENTRY--TOPICAL TERM | |
| Topical term or geographic name as entry element | স্পেন কল্পকাহিনী |
| 9 (RLIN) | 124056 |
| Topical term or geographic name as entry element | Spain Fiction |
| 9 (RLIN) | 124057 |
| 700 ## - ADDED ENTRY--PERSONAL NAME | |
| Personal name | গঙ্গোপাধ্যায়, নির্মলচন্দ্র, অনুবাদক |
| 942 ## - ADDED ENTRY ELEMENTS (KOHA) | |
| Source of classification or shelving scheme | Dewey Decimal Classification |
| Koha item type | Books |
| Lost status | Source of classification or shelving scheme | Damaged status | Not for loan | Collection code | Permanent Location | Current Location | Shelving location | Date acquired | Cost, normal purchase price | Total Checkouts | Full call number | Date last seen | Copy number | Koha item type |
|---|---|---|---|---|---|---|---|---|---|---|---|---|---|---|
| Dewey Decimal Classification | Not For Loan | Non-fiction | Central Library, University of Rajshahi | Central Library, University of Rajshahi | Reading Room | 09/03/1957 | 3.60 | B 823.914 OYS 1955 | 26/04/2016 | C-1 | Books |